Wszystkie kluby piłkarskie powiatu biłgorajskiego - Statystyki

Ogólne statystyki
  • Ten quiz został rozwiązany 38 razy
  • Średni wynik to 6 z 20
Statystyki odpowiedzi
Liga Drużyna % Poprawnych
4 liga Łada Biłgoraj
95%
Okręgówka Błękitni Obsza
48%
Okręgówka Grom Różaniec
48%
Okręgówka Olimpiakos Tarnogród
43%
B Klasa Cosmos Józefów
38%
Okręgówka Victoria Łukowa
38%
Okręgówka Metalowiec Goraj
33%
A Klasa Włókniarz Frampol
33%
B Klasa Aleksandria Aleksandrów
29%
A Klasa Olender Sól
29%
B Klasa Relax Księżpol
29%
A Klasa Orion Dereźnia
24%
B Klasa Orzeł Tereszpol
24%
B Klasa Rakovia Rakówka
24%
Okręgówka Tanew Majdan Stary
24%
B Klasa Huragan Chmielek
19%
B Klasa Tarpan Korchów
19%
B Klasa Wola Różaniecka-Luchów
14%
B Klasa Wrzos Szyszków
14%
B Klasa Piast Babice
10%
Nie znaleziono quizów pasujących do podanych kryteriów
Rozkład punktacji
Procent ludzi z każdym wynikiem
Percentyl według liczby udzielonych odpowiedzi
Twoja historia wyników
Nie rozwiązałeś tego quizu